Une correspondance inédite / (Record no. 159480)

MARC details
000 -LEADER
campo de control de longitud fija 00623nam a2200169 i 4500
001 - NÚMERO DE CONTROL
campo de control 159480
003 - IDENTIFICADOR DE NÚMERO DE CONTROL
campo de control ES-MaACL
005 - FECHA Y HORA DE LA ÚLTIMA TRANSACCIÓN
campo de control 20230906211626.0
008 - DATOS DE LONGITUD FIJA--INFORMACIÓN GENERAL
campo de control de longitud fija 000128s1897 fr |||| | fre d
040 ## - FUENTE DE CATALOGACIÓN
Centro catalogador/agencia de origen CCPB | B
Lengua de catalogación spa
Centro/agencia transcriptor CCPB | B
100 1# - ENTRADA PRINCIPAL--NOMBRE DE PERSONA
Nombre de persona Mérimée, Prosper (
Fechas asociadas al nombre 1803-1870)
9 (RLIN) 80507
245 14 - MENCIÓN DEL TÍTULO
Título Une correspondance inédite /
Mención de responsabilidad, etc. Prosper Mérimée ; avertissement Ferdinad Brunetiére.
260 ## - PUBLICACIÓN, DISTRIBUCIÓN, ETC.
Lugar de publicación, distribución, etc. Paris :
Nombre del editor, distribuidor, etc. Calmann Lévy :
-- Ancienne maison Michel Lévy Fréres,
Fecha de publicación, distribución, etc. 1897 (
Fabricante imprimerie Chaix)
300 ## - DESCRIPCIÓN FÍSICA
Extensión VI, 332 p. ;
Dimensiones 20 cm.
700 0# - ENTRADA AGREGADA--NOMBRE PERSONAL
Nombre de persona Brunetière, Ferdinand.
9 (RLIN) 32173
852 ## - LOCALIZACIÓN
Ubicación ES-MaACL
Número de control de estantería F-3544
Nota libre -- Enc. hol.
Holdings
Estatus retirado Estado de pérdida Estado de daño No para préstamo Colección Biblioteca de origen Biblioteca actual Ubicación en estantería Fecha de adquisición Fuente de adquisición Total de préstamos Signatura topográfica completa Código de barras Visto por última vez Precio de reemplazo Tipo de ítem Koha
        Libros del s. XIX Biblioteca del Ateneo de Madrid Biblioteca del Ateneo de Madrid Depósito 2 17/01/2008     F-3544 1166956 23/02/2023 23/02/2023 Libro impreso antiguo